000 00785nam a22002417a 4500
001 66859
003 UA-OsUOA
005 20210728095521.0
007 ta
008 20100129b un ||||| |||| 00| 0 ukr d
020 _a092009208Х
040 _aUA-OsUOA
_bukr
_cUA-OsUOA
_dUA-OsUOA
041 _aukr
080 _a355.35
090 _a355.35
_bЛ64
245 _aЛітопис Української Повстанської Армії
_cред. Є. Штендер
_bЧ. 2
_pДенники сотні "Крилача"
260 _aТоронто
_bЛітопис УПА
_c1987
300 _a262 с.
505 _gТ. 13
650 7 _a35 Державно-адміністративне управління. Військова справа
_2UDC
942 _cBK
_2udc
955 _a2
999 _c353021
_d353021